[Event "RSA-chT Regions"]
[Site "Cape Town"]
[Date "2016.01.09"]
[Round "4.4"]
[White "Van der Westhuizen, Markus"]
[Black "De Koster, Dirk"]
[Result "1-0"]
[WhiteElo "1545"]
[BlackElo "1277"]
[PlyCount "92"]
[EventDate "2016.01.08"]
[EventType "team-swiss"]
[EventRounds "7"]
[EventCountry "RSA"]
[SourceTitle "CBM 170 Extra"]
[Source "ChessBase"]
[SourceDate "2016.02.25"]
[SourceVersion "1"]
[SourceVersionDate "2016.02.25"]
[SourceQuality "1"]
[WhiteTeam "Tshwane Youth"]
[BlackTeam "Sedibeng"]
[WhiteTeamCountry "RSA"]
[BlackTeamCountry "RSA"]

1. d4 Nf6 2. Nf3 d5 3. e3 c6 4. Bd3 Bg4 5. Nbd2 e6 6. 0-0 Ne4 7. Nxe4 dxe4 8. Bxe4 Bd6 9. Bd3 0-0 10. h3 Bh5 11. Be2 Bg6 12. Ne5 Bxe5 13. dxe5 Qe7 14. Bd3 Rd8 15. Qe2 Bxd3 16. cxd3 Nd7 17. f4 Nc5 18. d4 Na6 19. b3 Rd7 20. a4 Rad8 21. Ba3 Nb4 22. a5 c5 23. dxc5 Qxc5 24. Qe1 Rd2 25. Rc1 Qd5 26. Qg3 Qxa5 27. Bxb4 Qxb4 28. Qe1 Qxb3 29. Qxd2 Qb6 30. Rfd1 Re8 31. Qd4 Qb3 32. Kh2 h6 33. Qd7 Rf8 34. Rc8 Rxc8 35. Qxc8+ Kh7 36. Qc1 Qb6 37. Qb1+ Qxb1 38. Rxb1 b6 39. Ra1 a5 40. Rb1 h5 41. Rxb6 Kg6 42. g4 a4 43. Ra6 a3 44. Rxa3 f6 45. exf6 gxf6 46. Kg2 Kf7 1-0